000
00258nam a22001097a 4500
008
170120b xxu||||| |||| 00| 0 eng d
020
_a
9781582553696
041
_a
eng
080
_a
618.2
245
_a
NURSING STUDENT SUCCESS
_c
SCHILLING, J.A
942
_2
udc
_c
BK
999
_c
3265
_d
3265